| 000 | 00580nam a2200193Ia 4500 | ||
|---|---|---|---|
| 003 | OSt | ||
| 005 | 20260306100928.0 | ||
| 008 | 210210b1968 xxu||||| |||| 00| 0 eng d | ||
| 040 | _cAL | ||
| 041 | _aSanskrit | ||
| 082 | _aH891.2 ASHM | ||
| 100 |
_aASHK (Upendranath). _dअश्क (उपेन्द्रनाथ) _9180856 |
||
| 245 |
_aMere shresh rang ekanki. _b.मेरे श्रेष रंग एकांकी |
||
| 260 |
_aDilli _bNeshanal Pbalishing Haus _c1968 |
||
| 300 | _a103 | ||
| 690 |
_aHindi Drama _9180857 |
||
| 906 | _a035515 | ||
| 942 |
_2ddc _cBK |
||
| 999 |
_c86338 _d86338 |
||